NBA Top 10 Scorers per Franchise - Statistics

General Stats
  • This quiz has been taken 65 times
  • The average score is 166 of 300
Answer Stats
Hint Answer Drafted % Correct
76ers 3 Allen Iverson 1996
91%
76ers 2 Julius Erving 1973
91%
Nets 7 Julius Erving 1972
91%
Cavaliers 8 Kyrie Irving 2011
91%
Wizards 3 Jeff Malone 1983
89%
Jazz 1 Karl Malone 1985
89%
Rockets 6 Moses Malone 1974
89%
Lakers 7 Shaquille O'Neal 1992
87%
Magic 6 Shaquille O'Neal 1992
87%
76ers 6 Charles Barkley 1984
84%
Pelicans 2 David West 2003
84%
Timberwolves 8 Doug West 1989
84%
Bucks 1 Giannis Antetokounmpo 2013
84%
Lakers 2 Jerry West 1960
84%
Bucks 2 Kareem Abdul-Jabbar 1969
84%
Lakers 3 Kareem Abdul-Jabbar 1969
84%
Lakers 1 Kobe Bryant 1996
84%
Cavaliers 1 LeBron James 2003
84%
Heat 5 LeBron James 2003
84%
Lakers 10 LeBron James 2003
84%
Nuggets 2 Nikola Jokic 2014
84%
Warriors 2 Wilt Chamberlain 1965
84%
Pelicans 1 Anthony Davis 2012
82%
Mavericks 8 Brad Davis 1977
82%
Knicks 7 Carmelo Anthony 2003
82%
Nuggets 4 Carmelo Anthony 2003
82%
Clippers 8 DeAndre Jordan 2008
82%
Hornets 2 Dell Curry 1986
82%
Mavericks 1 Dirk Nowitzki 1998
82%
Magic 1 Dwight Howard 2004
82%
Heat 1 Dwyane Wade 2003
82%
Pistons 1 Isiah Thomas 1981
82%
Mavericks 10 Josh Howard 2003
82%
Thunder 3 Kevin Durant 2007
82%
Celtics 3 Larry Bird 1979
82%
Mavericks 6 Luka Doncic 2018
82%
Lakers 5 Magic Johnson 1979
82%
Bulls 1 Michael Jordan 1984
82%
Grizzlies 9 Mike Miller 2000
82%
Kings 1 Oscar Robertson 1960
82%
Pacers 1 Reggie Miller 1987
82%
Thunder 1 Russell Westbrook 2008
82%
Warriors 1 Stephen Curry 2009
82%
Hawks 6 Trae Young 2018
82%
Suns 2 Walter Davis 1977
82%
Timberwolves 3 Anthony Edwards 2020
80%
Cavaliers 4 Austin Carr 1971
80%
Nuggets 5 David Thompson 1975
80%
Rockets 1 Hakeem Olajuwon 1984
80%
Rockets 2 James Harden 2009
80%
Grizzlies 8 Ja Morant 2019
80%
Timberwolves 1 Kevin Garnett 1995
80%
Warriors 6 Klay Thompson 2011
80%
Grizzlies 2 Marc Gasol 2007
80%
Blazers 10 Mychal Thompson 1978
80%
Grizzlies 4 Pau Gasol 2001
80%
Bulls 2 Scottie Pippen 1987
80%
Spurs 1 Tim Duncan 1997
80%
Spurs 4 Tony Parker 2001
80%
Celtics 8 Bill Russell 1956
78%
Clippers 2 Blake Griffin 2009
78%
Bulls 3 Bob Love 1965
78%
Nets 1 Brook Lopez 2008
78%
Heat 7 Chris Bosh 2003
78%
Raptors 3 Chris Bosh 2003
78%
Clippers 6 Chris Paul 2005
78%
Pelicans 3 Chris Paul 2005
78%
Blazers 6 Clifford Robinson 1997
78%
Blazers 1 Damian Lillard 2012
78%
Spurs 3 David Robinson 1989
78%
Bucks 4 Glenn Robinson 1994
78%
76ers 9 Joel Embiid 2014
78%
Jazz 2 John Stockton 1984
78%
Wizards 4 John Wall 2010
78%
Cavaliers 9 Kevin Love 2008
78%
Timberwolves 6 Kevin Love 2009
78%
Spurs 5 Manu Ginobili 1999
78%
Knicks 1 Patrick Ewing 1985
78%
Nets 3 Vince Carter 1998
78%
Raptors 4 Vince Carter 1998
78%
Hawks 2 Bob Pettit 1954
76%
Nets 2 Buck Williams 1981
76%
76ers 10 Chet Walker 1962
76%
Bulls 7 Chet Walker 1962
76%
Blazers 2 Clyde Drexler 1983
76%
Raptors 1 DeMar DeRozan 2009
76%
Suns 1 Devin Booker 2015
76%
Thunder 9 Gus Williams 1975
76%
Cavaliers 7 Hot Rod Williams 1985
76%
Grizzlies 7 Jaren Jackson 2018
76%
Celtics 9 Jayson Tatum 2017
76%
Timberwolves 2 Karl-Anthony Towns 2015
76%
Hornets 1 Kemba Walker 2011
76%
Kings 7 DeMarcus Cousins 2010
73%
Hawks 1 Dominique Wilkins 1996
73%
Hawks 10 Eddie Johnson 1977
73%
Kings 10 Eddie Johnson 1977
73%
Thunder 2 Gary Payton 1990
73%
Wizards 7 Gus Johnson 1963
73%
Heat 9 Jimmy Butler 2011
73%
Hawks 7 Joe Johnson 2005
73%
Suns 4 Kevin Johnson 1987
73%
Bucks 3 Khris Middleton 2014
73%
Raptors 2 Kyle Lowry 2006
73%
Hornets 4 Larry Johnson 1991
73%
Bucks 8 Marques Johnson 1984
73%
Magic 4 Tracy McGrady 2000
73%
Pistons 7 Vinnie Johnson 1981
73%
Nuggets 1 Alex English 1976
71%
Heat 2 Alonzo Mourning 1992
71%
Magic 9 Anfernee Hardaway 1993
71%
Celtics 6 Bob Cousy 1950
71%
Pacers 5 Jermaine O'Neal 1996
71%
Celtics 1 John Havlicek 1962
71%
Blazers 3 LaMarcus Aldridge 2006
71%
Spurs 10 LaMarcus Aldridge 2006
71%
Suns 8 Steve Nash 1996
71%
Knicks 2 Walt Frazier 1967
71%
Heat 4 Bam Adebayo 2017
69%
Wizards 2 Bradley Beal 2012
69%
Kings 4 De'Aaron Fox 2017
69%
Hornets 3 Gerald Wallace 2001
69%
Lakers 6 James Worthy 1979
69%
Nets 5 Jason Kidd 1994
69%
Grizzlies 1 Mike Conley 2007
69%
Celtics 2 Paul Pierce 1998
69%
Thunder 8 Shawn Kemp 1989
69%
Wizards 5 Wes Unseld 1968
69%
Grizzlies 3 Zach Randolph 2007
69%
Pelicans 6 Zion Williamson 2019
69%
Lakers 4 Elgin Baylor 1958
67%
Spurs 2 George Gervin 1974
67%
Nuggets 7 Jamal Murray 2016
67%
Pistons 2 Joe Dumars 1985
67%
Clippers 9 Kawhi Leonard 2011
67%
Timberwolves 10 Naz Reid 2019
67%
Pistons 6 Richard Hamilton 1999
67%
Jazz 10 Rudy Gobert 2013
67%
Celtics 7 Sam Jones 1957
67%
Thunder 6 Shai Gilgeous-Alexander 2018
67%
Rockets 7 Yao Ming 2002
67%
Suns 7 Amar'e Stoudemire 2002
64%
Jazz 8 Donovan Mitchell 2017
64%
Celtics 5 Kevin McHale 1980
64%
Spurs 7 Mike MItchell 1979
64%
Timberwolves 5 Sam Mitchell 1985
64%
Bulls 6 Zach LaVine 2014
64%
Cavaliers 6 Bingo Smith 1970
62%
Clippers 3 Bob McAdoo 1976
62%
Hawks 9 Josh Smith 2004
62%
Magic 3 Nikola Vucevic 2012
62%
Clippers 1 Randy Smith 1971
62%
Heat 6 Tyler Herro 2019
62%
Knicks 3 Willis Reed 1964
62%
Pelicans 5 Brandon Ingram 2016
60%
Wizards 10 Gilbert Arenas 2001
60%
Mavericks 3 Mark Aguirre 1981
60%
Cavaliers 5 Mark Price 1986
60%
Warriors 3 Rick Barry 1965
60%
Bucks 5 Sidney Moncrief 1979
60%
Timberwolves 4 Andrew Wiggins 2014
58%
Bulls 8 Artis Gilmore 1971
58%
76ers 4 Dolph Schayes 1948
58%
Nets 6 John Williamson 1973
58%
Raptors 5 Pascal Siakam 1998
58%
Celtics 4 Robert Parish 1976
58%
Blazers 5 CJ McCollum 2013
56%
Pelicans 7 CJ McCollum 2012
56%
Clippers 4 Elton Brand 1999
56%
76ers 1 Hal Greer 1958
56%
Bucks 6 Michael Redd 2000
56%
Jazz 3 Adrian Dantley 1976
53%
Rockets 3 Calvin Murphy 1970
53%
Warriors 5 Chris Mullin 1985
53%
Celtics 10 Dave Cowens 1970
53%
Rockets 5 Elvin Hayes 1968
53%
Wizards 1 Elvin Hayes 1968
53%
Heat 3 Glen Rice 1989
53%
Hornets 7 Glen Rice 1989
53%
Pistons 9 Grant Hill 1994
53%
Warriors 4 Paul Arizin 1950
53%
Suns 5 Shawn Marion 1999
53%
Pelicans 8 Trey Murphy 2021
53%
Pistons 3 Bob Lanier 1970
51%
Thunder 4 Fred Brown 1971
51%
Pacers 4 Roger Brown 1990
51%
Cavaliers 2 Zydrunas Ilgauskas 1996
51%
Nuggets 9 Fat Lever 1982
49%
Kings 3 Mitch Richmond 1988
49%
Kings 8 Peja Stojakovic 1996
49%
Jazz 7 Pete Maravich 1970
49%
Pistons 5 Bill Laimbeer 1979
47%
76ers 5 Billy Cunningham 1965
47%
Cavaliers 3 Brad Daugherty 1986
47%
Nets 4 Richard Jefferson 2001
47%
Mavericks 2 Rolando Blackman 1981
47%
Lakers 9 Byron Scott 1983
44%
Pistons 4 Dave Bing 1966
44%
Magic 10 Dennis Scott 1990
44%
Knicks 8 Earl Monroe 1967
44%
Pacers 10 Freddie Lewis 1966
44%
Thunder 5 Jack Sikma 1977
44%
Bulls 4 Luol Deng 2004
44%
Warriors 7 Nate Thurmond 1963
44%
Magic 2 Nick Anderson 1989
44%
Warriors 9 Purvis Scott 1989
44%
Thunder 7 Richard Lewis 2001
44%
Pacers 2 Rick Smits 1988
44%
Grizzlies 5 Rudy Gay 2006
44%
Pelicans 9 Ryan Anderson 1988
44%
Heat 10 Udonis Haslem 2003
44%
Thunder 10 Dale Ellis 1983
42%
Grizzlies 10 Desmond Bane 2020
42%
Jazz 9 Gordon Hayward 2010
42%
Kings 9 Jerry Lucas 1962
42%
Pelicans 4 Jrue Holiday 2009
42%
Kings 5 Nate Archibald 1970
42%
Grizzlies 6 Shareef Abdur-Rahim 1996
42%
Blazers 4 Terry Porter 1985
42%
Mavericks 4 Derek Harper 1983
40%
Pistons 8 Tayshaun Prince 2002
40%
Knicks 4 Allan Houston 1993
38%
Raptors 8 Fred VanVleet 2016
38%
Mavericks 7 Jason Terry 1999
38%
Cavaliers 10 Larry Nance 1981
38%
Suns 10 Larry Nance 1981
38%
Suns 3 Alvan Adams 1975
36%
Pacers 6 Danny Granger 2005
36%
Lakers 8 Gail Goodrich 1968
36%
Magic 5 Jameer Nelson 2004
36%
Hornets 5 Miles Bridges 2018
36%
Timberwolves 7 Wally Szczerbiak 1999
36%
Bucks 7 Bob Dandridge 1969
33%
Nuggets 3 Dan Issel 1970
33%
Hawks 8 Kevin Willis 1984
33%
Hornets 8 Muggsy Bogues 1987
33%
Hawks 3 Lou Hudson 1966
31%
76ers 8 Maurice Cheeks 1989
31%
Mavericks 5 Michael Finley 1995
31%
Raptors 6 Andrea Bargnani 2006
29%
Jazz 6 Andrei Kirilenko 1999
29%
Knicks 10 Bill Bradley 1965
29%
Clippers 7 Danny Manning 1988
29%
Rockets 4 Rudy Tomjanovich 1970
29%
Pacers 7 George McGinnis 1975
27%
Hawks 4 Cliff Hagan 1953
24%
Nets 9 Derrick Coleman 1990
24%
Magic 8 Evan Fournier 2012
24%
Bulls 5 Jerry Sloan 1965
24%
Pelicans 10 Jonas Valančiūnas 2011
24%
Raptors 9 Jonas Valančiūnas 2011
24%
Nets 8 Kerry Kittles 1996
24%
Suns 9 Paul Westphal 1972
24%
Heat 8 Rony Seikaly 1988
24%
Knicks 6 Richie Guerin 1954
22%
Magic 7 Hedo Türkoğlu 2000
20%
Blazers 8 Jim Paxson 1979
20%
Pacers 9 Mel Daniels 1967
20%
76ers 7 Red Kerr 1954
20%
Spurs 8 Sean Elliott 1989
20%
Hornets 6 Terry Rozier 2015
20%
Kings 2 Jack Twyman 1955
18%
Spurs 6 James Silas 1972
18%
Bulls 9 Kirk Hinrich 2010
18%
Nuggets 10 Mahmoud Abdul-Rauf 1990
18%
Warriors 10 Neil Johnston 1966
18%
Rockets 10 Otis Thorpe 1984
18%
Bulls 10 Reggie Theus 1978
18%
Rockets 8 Robert Reid 1977
18%
Mavericks 9 Sam Perkins 1984
18%
Pacers 3 Billy Knight 1974
16%
Clippers 5 Corey Maggette 2008
16%
Blazers 7 Jerome Kersey 1984
16%
Jazz 4 Darrell Griffith 1980
11%
Hornets 10 David Wesley 1992
11%
Suns 6 Dick Van Arsdale 1965
11%
Hawks 5 John Drew 1974
11%
Raptors 10 José Calderón 2003
11%
Jazz 5 Thurl Bailey 1983
11%
Knicks 9 Dick Barnett 1959
9%
Blazers 9 Geoff Petrie 1970
9%
Warriors 8 Jeff Mullins 1964
9%
Pistons 10 John Long 1978
9%
Spurs 9 Larry Kenon 1973
9%
Raptors 7 Morris Peterson 2000
9%
Wizards 8 Phil Chenier 1971
9%
Nuggets 6 Ralph Simpson 1972
7%
Timberwolves 9 Tony Campbell 1984
7%
Bucks 10 Brian Winters 1974
4%
Nets 10 Chris Morris 1988
4%
Bucks 9 Junior Bridgeman 1975
4%
Rockets 9 Mike Newlin 1971
4%
Hornets 9 Raymond Felton 2005
4%
Knicks 5 Carl Braun 1947
2%
Clippers 10 Loy Vaught 1990
2%
Kings 6 Sam Lacey 1970
2%
Pacers 8 Vern Fleming 1984
2%
Nuggets 8 Byron Beck 1967
0%
Wizards 6 Kevin Loughtery 1962
0%
Wizards 9 Walt Ballamy 1961
0%
No matching quizzes found
Score Distribution
Percent of People with Each Score
Percentile by Number Answered
Your Score History
You have not taken this quiz